Представление документа в формате MARC21

Поле Инд. ПП Название Значение
Тип записи a
Библиографический уровень b
001 Контрольный номер ac843c7bd02541ba82bff8aa1eb37a51
005 Дата корректировки 20210819095851.9
024 80 a Стандартный номер DOI: 10.1140/epjc/s10052-013-2330-0
040 a Служба первич. каталог. РИНЦ
041 0_ a Код языка текста eng
084 a Индекс другой классификации/Индекс ББК 22.381
097 a Ануфриева Г.Ю.
097 a Спаскова Н.О.
100 1_ a Автор Balata M.
100 1_ a Автор D'andragora A.
100 1_ a Автор di Vacri A.
100 1_ a Автор Gazzana S.
100 1_ a Автор Nemchenok I.
g Прочие сведения РИНЦ AuthorID: 44551 (https://elibrary.ru/author_items.asp?authorid=44551); Scopus Author ID: 8401877000 (https://www.scopus.com/authid/detail.uri?authorId=8401877000); ResearcherID: F-9715-2014 (http://www.researcherid.com/rid/F-9715-2014)
q Полное имя Немченок Игорь Борисович
i 000090997
k Ректорат
c Титул (звания) доцент (ученое звание); кандидат химических наук; доцент (должность); ученый секретарь; заведующий кафедрой
245 10 a Заглавие The Gerda experiment for the search of 0νββ decay in 76Ge
550 a Прим. об изд. организации Кафедра нанотехнологий и новых материалов; Факультет естественных и инженерных наук
650 04 a Основная рубрика физика; ядерная физика; экспериментальная физика
773 18 t Название источника European Physical Journal C
b Сведения об издании Springer-Verlag GmbH
c Гейдельберг
d Место и дата издания 2013
m Специф. данные входит в Scopus
m Специф. данные входит в WoS
m Специф. данные входит в ядро РИНЦ
n Примечание https://elibrary.ru/title_about.asp?id=1972
p EPJ C
g Прочая информация V. 73. - № 3. - P. 1 - 29
w Контрольный № источника 1aff9ecd4c7548768ed82b07f12c2716
856 40 u URL http://elibrary.ru/item.asp?id=20427534
901 t Тип документа b
952 c Вид литературы статья в журнале